Konštrukčný návrh rámu buginy kategórie SAE Baja

Uložené v:
Podrobná bibliografia
Hlavný autor: Zahradníček, Jakub (Autor)
Ďalší autori: Bucha, Jozef (Vedúci práce)
Médium: Rukopis Kniha
Jazyk:Slovak
Vydavateľské údaje: 2016
Predmet:
On-line prístup:http://is.stuba.sk/zp/portal_zp.pl?podrobnosti=133413
Tagy: Pridať tag
Žiadne tagy, Buďte prvý, kto otaguje tento záznam!

MARC

LEADER 00000ntm a22000003a 4500
001 stuzp58806
003 SK-STU
005 20160719155656.2
007 ta
008 150427s2015----xo-----f-mn---000-0-slo-d
040 |a STU  |b slo 
041 0 |a slo 
100 1 |a Zahradníček, Jakub  |u 020030  |4 aut  |U SjF Strojnícka fakulta  |T SjF Ústav dopravnej techniky a konštruovania  |X 77314  |U J0030  |Y 806  |7 77314 
242 0 1 |a The structural frame design of SAE BAJA buggy  |y eng 
245 1 0 |a Konštrukčný návrh rámu buginy kategórie SAE Baja 
260 |c 2016 
650 4 |a nosný rám  |2 slo 
650 4 |a rám buginy  |2 slo 
650 4 |a SAE  |2 slo 
650 4 |a konštrukčný návrh  |2 slo 
650 4 |a Baja  |2 slo 
650 4 |a SAE  |2 eng 
650 4 |a Baja  |2 eng 
650 4 |a buggy frame  |2 eng 
650 4 |a frame design  |2 eng 
700 1 |a Bucha, Jozef  |u 020030  |k Z1  |4 ths  |U SjF Strojnícka fakulta  |T SjF Ústav dopravnej techniky a konštruovania  |X 70878  |U J0030  |Y 806  |7 A000070878 
856 4 |u http://is.stuba.sk/zp/portal_zp.pl?podrobnosti=133413 
996 |b 284J044958  |c J* 2588/DP  |l JJSK  |s A  |a 24  |w stuzp58806_0001 
SQL |a stuzp58806  |b DDP  |c SLO  |d Konštrukčný návrh rámu buginy kategórie SAE Baja  |e 77314  |f Zahradníček, Jakub  |g 020030  |h 70878  |i Bucha, Jozef  |j 20160616  |k 1305  |l 02  |m http://is.stuba.sk/zp/portal_zp.pl?podrobnosti=133413  |n I-AMPS  |o 5.2.3. dopravné stroje a zariadenia